| 000 | 00666nam a2200241Ia 4500 | ||
|---|---|---|---|
| 003 | OSt | ||
| 005 | 20221002051214.0 | ||
| 006 | a|||||r|||| 00| 0 | ||
| 007 | ta | ||
| 008 | 220930b |||||||| |||| 00| 0 eng d | ||
| 024 | _a22753 | ||
| 037 | _cReference Collections | ||
| 040 |
_aCRL _cCRL _beng |
||
| 041 |
_2eng _aeng |
||
| 082 | _aU.937k, M4(RR) | ||
| 100 |
_aMclauchlan Gordon Ed _9572198 |
||
| 245 | 0 | _aBateman New-Zealand encyclopedia | |
| 260 |
_aAuckland _bDavid Bateman _c1994 |
||
| 300 |
_a656p _ccm. |
||
| 650 | _aGEOGRAPHY | ||
| 942 |
_hU.937k, M4(RR) _cref _2CC |
||
| 999 |
_c916210 _d916210 |
||